000 01500nam a22002417a 4500
005 20240228142617.0
008 240228b |||||||| |||| 00| 0 eng d
020 _a9586141136
037 _3Donación
040 _aCO-JMCR
_cCO-JMCR
_dCO-JMCR
_erda
041 _aspa
082 _aA-N
_bGREd
100 _aGreene, Graham
_eautor
_97151
245 _aEl decimo hombre /
_cGraham Greene
246 _aThe tenth man
260 _aBogotá:
_bSeix Barral,
_c1985
300 _a154 páginas;
_c19 cm.
520 _aSituada en la convulsa época que va de la ocupación alemana a los primeros años de la Francia liberada, El décimo hombre es una de las muestras más brillantes de la combinación de intriga, fuerza expresiva y brillantez de las tramas que caracteriza las mejores obras de Greene. Todo empieza en este caso cuando, en represalia por un atentado de la Resistencia, un celador nazi comunica a los reos que a la mañana siguiente tres de ellos serán ejecutados, y serán los presos quienes deberán elegir a las víctimas. Empieza entonces una negociación entre los presos que se resuelve inicialmente con un cambio de identidad. Pero años más tarde, ya en libertad, el encuentro de dos supervivientes provoca una situación paradójica en la que ambos personajes se enfrentan a la disyuntiva entre el olvido y la justicia.
650 _2JMCR
_aNovela negra
_9215
650 _2JMCR
_aNovela policiaca
_9214
650 _aidentidad del yo
_xNovela
_943520
942 _2ddc
_cBK
999 _c30699
_d17083